Faculty of Law Library — Cairo University

Official Online Catalog

الإدارة الالكترونية للمرافق العامة : (Record no. 45322)

MARC details
000 -LEADER
fixed length control field 01121nam a2200313 i 4500
003 - CONTROL NUMBER IDENTIFIER
control field EG-GICUC
005 - DATE AND TIME OF LATEST TRANSACTION
control field 20260121101332.0
008 - FIXED-LENGTH DATA ELEMENTS--GENERAL INFORMATION
fixed length control field 251123s2004 ua |||fr|||| 000 0 ara d
017 ## - COPYRIGHT OR LEGAL DEPOSIT NUMBER
Copyright or legal deposit number 2004/19514
020 ## - INTERNATIONAL STANDARD BOOK NUMBER
International Standard Book Number 9770446157
040 ## - CATALOGING SOURCE
Original cataloging agency EG-GICUC
Language of cataloging ara
Transcribing agency EG-GICUC
Modifying agency EG-GICUC
Description conventions rda
041 0# - LANGUAGE CODE
Language code of text/sound track or separate title ara
082 04 - DEWEY DECIMAL CLASSIFICATION NUMBER
Edition number 21
Classification number 351
Item number ه ش . إ
092 04 - LOCALLY ASSIGNED DEWEY CALL NUMBER (OCLC)
Edition number 21
099 ## - LOCAL FREE-TEXT CALL NUMBER (OCLC)
Classification number Law1 09 351 ه ش . إ 2004
100 1# - MAIN ENTRY--PERSONAL NAME
Personal name هشام عبد المنعم عكاشة
Relator term مؤلف.
245 12 - TITLE STATEMENT
Title الإدارة الالكترونية للمرافق العامة :
Remainder of title دراسة مقارنة /
Statement of responsibility, etc. هشام عبد المنعم عكاشة.
264 #1 - PRODUCTION, PUBLICATION, DISTRIBUTION, MANUFACTURE, AND COPYRIGHT NOTICE
Place of production, publication, distribution, manufacture القاهرة :
Name of producer, publisher, distributor, manufacturer دار النهضة العربية،
Date of production, publication, distribution, manufacture, or copyright notice 2004.
300 ## - PHYSICAL DESCRIPTION
Extent 167 صفحة ؛
Dimensions 24 سم.
336 ## - CONTENT TYPE
Source rda content
Content type term text
337 ## - MEDIA TYPE
Source rda media
Media type term Computer
338 ## - CARRIER TYPE
Source rda carrier
Carrier type term Online Resource
504 ## - BIBLIOGRAPHY, ETC. NOTE
Bibliography, etc. note يشتمل على إرجاعات ببليوجرافية.
650 14 - SUBJECT ADDED ENTRY--TOPICAL TERM
Topical term or geographic name entry element الإدارة الإلكترونية
Source of heading or term qrmak
651 1# - SUBJECT ADDED ENTRY--GEOGRAPHIC NAME
Source of heading or term qrmak
856 40 - ELECTRONIC LOCATION AND ACCESS
Uniform Resource Identifier <a href="https://fll.law.cu.edu.eg/fulltext/bks/B09-00904.pdf">https://fll.law.cu.edu.eg/fulltext/bks/B09-00904.pdf</a>
905 ## - Cataloger and Reviser Names
Cataloger Name: Esraa Abo Elmagd
942 ## - ADDED ENTRY ELEMENTS (KOHA)
Source of classification or shelving scheme Dewey Decimal Classification
Koha item type Books
Edition 21
Suppress in OPAC No
Holdings
Withdrawn status Lost status Source of classification or shelving scheme Damaged status Not for loan Collection Home library Current library Date acquired Total checkouts Full call number Barcode Date last seen Copy number Price effective from Koha item type
    Dewey Decimal Classification     القانون الإداري جــــامعة القــاهرة مكتبة كلية الحقوق - المبنى الرئيسي 04.12.2025   Law1 07 351 هـ ش . إ 2004 0901332 C2 B09-01332 04.12.2025 2 04.12.2025 Books
    Dewey Decimal Classification     القانون الإداري جــــامعة القــاهرة مكتبة كلية الحقوق - المبنى الرئيسي 04.12.2025   Law2 07 351 هـ ش . إ 2004 0901333 C3 B09-01333 04.12.2025 3 04.12.2025 Books
    Dewey Decimal Classification   Not for loan القانون الإداري جــــامعة القــاهرة مكتبة كلية الحقوق - المبنى الرئيسي 14.12.2025   Law1 07 351 ه ش . إ 2004 0700904 C1 B09-00904 14.12.2025 1 14.12.2025 Books

© All rights reserved — Faculty of Law, Cairo University